00345nam a2200133Ia 4500008004100000020001500041041001200056082001600068100001500084245005900099260002900158300000800187650001600195221030s9999 xx 000 0 und d a8170292670 aEnglish a105.23bWon aW. M. Wong 0aLearn Fox Pro 2.5 for Windows in a Daycby W. M. Wong bBPB PubaNew Delhic1994 a157 aBE Computer